|
|
|
|
| LEADER |
01976nam a2200493 a 4500 |
| 001 |
nkc20071703605 |
| 003 |
CZ PrNK |
| 005 |
20070628150117.0 |
| 007 |
ta |
| 008 |
070104s2006 xr a f 100 0 cze |
| 015 |
|
|
|a cnb001703605
|
| 020 |
|
|
|a 80-01-03615-4
|q (brož.)
|
| 035 |
|
|
|a (OCoLC)137329944
|
| 040 |
|
|
|a OLA001
|b cze
|d BOA001
|d ABA001
|
| 043 |
|
|
|a e-xr---
|
| 072 |
|
7 |
|a 338.3/.4
|x Hospodářská a výrobní odvětví
|2 Konspekt
|9 4
|
| 080 |
|
|
|a 339.172
|2 MRF
|
| 080 |
|
|
|a 628.3/.5
|2 MRF
|
| 080 |
|
|
|a 69
|2 MRF
|
| 080 |
|
|
|a (437.3)
|2 MRF
|
| 080 |
|
|
|a (062.534)
|2 MRF
|
| 111 |
2 |
|
|a Komoditní burzy versus odpady
|d (2006 :
|c Praha, Česko)
|7 olak2007353615
|
| 245 |
1 |
0 |
|a Komoditní burzy versus odpady :
|b sborník ke kolokviu /
|c uspořádala katedra společenských věd Fakulty stavební ČVUT v Praze
|
| 246 |
3 |
|
|a Sborník ke kolokviu "Komoditní burzy versus odpady "
|
| 250 |
|
|
|a Vyd. 1.
|
| 260 |
|
|
|a Praha :
|b Fakulta stavební ČVUT v Praze, katedra společenských věd,
|c 2006
|
| 300 |
|
|
|a 51 s. :
|b il. ;
|c 21 cm
|
| 500 |
|
|
|a 100 výt.
|
| 504 |
|
|
|a Obsahuje bibliografické odkazy
|
| 650 |
0 |
7 |
|a komoditní burzy
|7 ph121750
|z Česko
|2 czenas
|
| 650 |
0 |
7 |
|a odpadové hospodářství
|7 ph115563
|z Česko
|2 czenas
|
| 650 |
0 |
7 |
|a stavebnictví
|7 ph116275
|z Česko
|2 czenas
|
| 650 |
0 |
9 |
|a commodity exchanges
|z Czechia
|2 eczenas
|
| 650 |
0 |
9 |
|a waste management
|z Czechia
|2 eczenas
|
| 650 |
0 |
9 |
|a construction industry
|z Czechia
|2 eczenas
|
| 655 |
|
7 |
|a sborníky konferencí
|7 fd133333
|2 czenas
|
| 655 |
|
9 |
|a proceedings of conferences
|2 eczenas
|
| 710 |
2 |
|
|a České vysoké učení technické v Praze.
|b Katedra společenských věd
|7 kn20021217005
|
| 910 |
2 |
|
|a BOA001
|b 2-1179.349
|
| 928 |
9 |
|
|a České vysoké učení technické v Praze, Fakulta stavební, katedra společenských věd
|
| 990 |
|
|
|a BK
|
| 995 |
|
|
|a 01
|
| 991 |
|
|
|b 200702
|c NOV
|
| 996 |
6 |
|
|b 2610298504
|c 2-1179.349
|l MZK
|r Sklad / do 1 hodiny
|n 1
|p p.v.
|w 000836587
|u 000010
|a 1
|e BOA001
|j MZK50
|s P
|